Các khái niệm cơ bản về marketing

Saved in:
Bibliographic Details
Format: Book
Language:Undetermined
Published: Thành phố Hồ Chí Minh Trẻ 2001
Subjects:
Tags: Add Tag
No Tags, Be the first to tag this record!
Institutions: Trung tâm Học liệu Trường Đại học Cần Thơ
LEADER 00435nam a2200157Ia 4500
001 CTU_153974
008 210402s9999 xx 000 0 und d
020 |c 31000 
082 |a 658.8 
082 |b C101 
245 0 |a Các khái niệm cơ bản về marketing 
260 |a Thành phố Hồ Chí Minh 
260 |b Trẻ 
260 |c 2001 
650 |a Marketing 
980 |a Trung tâm Học liệu Trường Đại học Cần Thơ